| 000 | 00779nam a22002417a 4500 | ||
|---|---|---|---|
| 003 | OSt | ||
| 005 | 20150407174559.0 | ||
| 008 | 150323s2015 spcm||| |||||||| |dcat|d | ||
| 017 | _aDL L. 111-2015 | ||
| 020 | _a9788499755830 | ||
| 040 |
_bcat _cCDMR |
||
| 043 |
_ae-sp--- _be-spc-- _2catmarc |
||
| 100 | 1 |
_aSuñé, Albert _9327 |
|
| 245 | 1 | 0 |
_aDe La Publicidad a La Publicitat _b: del republicanisme històric al catalanisme intel·lectual _cAlbert Suñé |
| 260 |
_aLleida _bPagès Editors _c2015 |
||
| 300 |
_a160 p. _bil. _c21 cm |
||
| 504 | _aBibliografia | ||
| 630 | 0 | 4 |
_aPublicidad (Diari) _xHistòria |
| 630 | 0 | 4 |
_aPublicitat (Diari) _xHistòria |
| 650 | 4 |
_aCatalanisme i intel·lectuals _xHistòria |
|
| 650 | 4 |
_aRepublicanisme _zCatalunya _xHistòria |
|
| 942 | _cMON | ||
| 999 |
_c6788 _d6788 |
||